[Event "TCh-CRO"]
[Site "Rabac"]
[Date "2004.09.06"]
[Round "2"]
[White "Sermek, Drazen"]
[Black "Horvath, Jozsef"]
[Result "1/2-1/2"]
[WhiteElo "2547"]
[BlackElo "2524"]
[PlyCount "32"]
[EventDate "2004.06.21"]
[Source "Roberto Alvarez"]
[SourceDate "2004.09.21"]

1. e4 e5 2. Bc4 Nf6 3. Nc3 Nxe4 4. Nxe4 d5 5. Bd3 dxe4 6. Bxe4 f5 7. Bd3 Be6 8. Qe2 Bd6 9. Bc4 Bxc4 10. Qxc4 Nc6 11. Qe6+ Ne7 12. Nf3 Qd7 13. Qxd7+ Kxd7 14. d3 Nc6 15. Bd2 Nd4 16. Nxd4 exd4 1/2-1/2

[Event "Yerevan"]
[Site "Yerevan"]
[Date "1977.??.??"]
[Round "1"]
[White "Lutikov, Anatoly S"]
[Black "Averkin, Orest N"]
[Result "1/2-1/2"]
[WhiteElo "2540"]
[BlackElo "2455"]
[PlyCount "44"]
[EventDate "1977.??.??"]
[Source "ChessBase"]

1. e4 e5 2. Nc3 Nf6 3. Bc4 Nxe4 4. Qh5 Nd6 5. Qxe5+ Qe7 6. Qxe7+ Bxe7 7. Bb3 c6 8. Nge2 Nf5 9. d4 d5 10. Nd1 Nd7 11. c3 Nf6 12. Ne3 Nxe3 13. Bxe3 Bf5 14. f3 Kd7 15. Kd2 Rhe8 16. Bc2 Bxc2 17. Kxc2 Bd6 18. Kd2 Re7 19. Ng3 g6 20. Rhe1 Rae8 21. Bf2 Rxe1 22. Rxe1 Rxe1 1/2-1/2

[Event "Corr"]
[Site "?"]
[Date "2002.06.25"]
[Round "?"]
[White "Mrugala Arthur (CAN)"]
[Black "Kosebay Osman (TUR)"]
[Result "0-1"]
[WhiteElo "2492"]
[BlackElo "2479"]
[PlyCount "70"]
[EventDate "2002.??.??"]
[Source "www.chesslib.no"]
[SourceDate "2004.05.04"]

1. e4 e5 2. Bc4 Nf6 3. Nc3 Nxe4 4. Qh5 Nd6 5. Bb3 Be7 6. Nf3 Nc6 7. Nxe5 g6 8. Qe2 Nd4 9. Qd3 Nxb3 10. axb3 O-O 11. O-O c6 12. Qe2 Nf5 13. Nf3 d5 14. d3 Bd6 15. Be3 Re8 16. Qd2 Nh4 17. Nxh4 Qxh4 18. f4 a6 19. Rfe1 Bf5 20. g3 Qg4 21. Qf2 h5 22. Na4 b5 23. Nc5 h4 24. Bd4 g5 25. Kh1 hxg3 26. hxg3 f6 27. Nb7 Bc7 28. Bc5 Kf7 29. Kg1 Rh8 30. Nd6+ Bxd6 31. Bxd6 Rad8 32. Re7+ Kg6 33. Bc7 Rh3 34. Bxd8 Rxg3+ 35. Kf1 Rf3 0-1

[Event "Cutro op"]
[Site "Cutro"]
[Date "2000.??.??"]
[Round "6"]
[White "Dragojlovic, Andjelko"]
[Black "Dervishi, Erald"]
[Result "1/2-1/2"]
[WhiteElo "2437"]
[BlackElo "2478"]
[PlyCount "98"]
[EventDate "2000.??.??"]
[Source "www.chesslib.no"]
[SourceDate "2004.05.04"]

1. e4 e5 2. Nc3 Nf6 3. Bc4 Nxe4 4. Qh5 Nd6 5. Bb3 g6 6. Qxe5+ Qe7 7. Qxe7+ Bxe7 8. Nd5 Bd8 9. Nf3 c6 10. Ne3 Ne4 11. c4 d6 12. O-O O-O 13. d3 Nf6 14. Bd2 Nbd7 15. Rfe1 a5 16. h3 h5 17. Nd1 Nc5 18. d4 Nce4 19. Bf4 Re8 20. Bc2 d5 21. cxd5 Nxd5 22. Be5 Ng5 23. Nxg5 Bxg5 24. Ne3 Nxe3 25. fxe3 Be6 26. Kf2 Red8 27. Be4 Rd7 28. Re2 a4 29. a3 Ra5 30. Rc1 Bb3 31. Rc3 Be7 32. Bd3 f6 33. Bh2 Be6 34. Bxg6 h4 35. Be4 Kf7 36. Bf4 Ra8 37. Bd3 Kg7 38. Bc4 Bf5 39. Kf3 Re8 40. g4 Bg6 41. Bd3 Bf7 42. Kf2 Ra8 43. Re1 c5 44. dxc5 Bxc5 45. Rxc5 Rxd3 46. Re2 Ra6 47. g5 Rd5 48. Rec2 Ra5 49. gxf6+ Kxf6 1/2-1/2

[Event "Biel Open"]
[Site "Biel SUI"]
[Date "1994.??.??"]
[Round "11"]
[White "Gdanski, Jacek"]
[Black "Raetsky, Alexander"]
[Result "0-1"]
[WhiteElo "2505"]
[BlackElo "2410"]
[PlyCount "94"]
[EventDate "1994.07.??"]
[Source "www.chesslib.no"]
[SourceDate "2004.05.04"]

1. e4 e5 2. Nc3 Nf6 3. Bc4 Nxe4 4. Qh5 Nd6 5. Bb3 Nc6 6. Nb5 g6 7. Qf3 f5 8. Qd5 Qf6 9. Nxc7+ Kd8 10. Nxa8 b6 11. Nxb6 axb6 12. Qd3 Bb7 13. Ne2 Bg7 14. Qh3 f4 15. d3 h5 16. Bd2 g5 17. f3 Nd4 18. Nxd4 exd4 19. O-O-O Nf5 20. Ba4 Bd5 21. Rhe1 Qg6 22. g4 hxg4 23. Qxg4 Rh4 24. Qg2 Qh5 25. Re4 Rxh2 26. Qg1 Ng3 27. Be1 Rh1 28. Qg2 Bxe4 29. Qd2 Bxf3 30. Qb4 Qg6 31. Qb5 Bg4 32. Qd5 d6 33. Qb7 Be5 34. Bc6 Rg1 35. a4 Qg7 36. Qb8+ Ke7 37. b4 Kf6 38. a5 bxa5 39. bxa5 Bxd1 40. a6 Rxe1 41. Kb2 Bg4 42. a7 Qxa7 43. Qxa7 Be6 44. Qa5 Re3 45. Qd8+ Kf5 46. Qf8+ Kg4 47. Qh6 Bf5 0-1

[Event "RUS-Cup5"]
[Site "Ekaterinburg"]
[Date "1997.??.??"]
[Round "5"]
[White "Varavin, Viktor"]
[Black "Tolstikh, Nikolay"]
[Result "1/2-1/2"]
[WhiteElo "2505"]
[BlackElo "2410"]
[PlyCount "43"]
[EventDate "1997.02.13"]
[Source "ChessBase"]

1. e4 e5 2. Nc3 Nf6 3. Bc4 Nxe4 4. Qh5 Nd6 5. Qxe5+ Qe7 6. Qxe7+ Bxe7 7. Be2 Nf5 8. Nf3 c6 9. d4 d5 10. Bf4 Bd6 11. Bxd6 Nxd6 12. O-O-O Bg4 13. h3 Bxf3 14. Bxf3 Nd7 15. Rhe1+ Kd8 16. Na4 Kc7 17. Re7 Rae8 18. Rde1 Rxe7 19. Rxe7 Re8 20. Rxe8 Nxe8 21. Kd2 Nd6 22. b3 1/2-1/2

[Event "Stip"]
[Site "Stip"]
[Date "1977.11.??"]
[Round "9"]
[White "Kovacs, Laszlo M"]
[Black "Ivkov, Borislav"]
[Result "0-1"]
[WhiteElo "2395"]
[BlackElo "2510"]
[PlyCount "70"]
[EventDate "1977.11.??"]
[Source "www.chesslib.no"]
[SourceDate "2004.05.04"]

1. e4 e5 2. Nc3 Nf6 3. Bc4 Nxe4 4. Qh5 Nd6 5. Qxe5+ Qe7 6. Qxe7+ Bxe7 7. Be2 c6 8. Nf3 O-O 9. O-O Re8 10. Re1 Nf5 11. d4 d5 12. Bd3 Be6 13. Ne2 Nd6 14. Bg5 f6 15. Bf4 Nd7 16. Ng3 Nf8 17. Re2 g6 18. Rae1 Kf7 19. h3 b5 20. Bh6 a5 21. Nh4 Nc4 22. c3 a4 23. f4 Bd7 24. f5 Bd6 25. fxg6+ hxg6 26. Bxf8 Bxg3 27. Re7+ Kxf8 28. Nxg6+ Kg8 29. R1e2 Rxe7 30. Rxe7 Re8 31. Bf5 Rxe7 32. Nxe7+ Kf7 33. Bxd7 Kxe7 34. Bxc6 Nxb2 35. Bxb5 a3 0-1

[Event "XVII Festival - Open A"]
[Site "Cracovia POL"]
[Date "2006.12.30"]
[Round "4"]
[White "Jakubowski, K."]
[Black "Czerwonski, A."]
[Result "1/2-1/2"]
[WhiteElo "2497"]
[BlackElo "2382"]
[PlyCount "68"]
[EventDate "2006.12.27"]
[Source "www.chesslib.no"]
[SourceDate "2004.05.04"]

1. e4 e5 2. Nc3 Nf6 3. Bc4 Nxe4 4. Qh5 Nd6 5. Qxe5+ Qe7 6. Qxe7+ Bxe7 7. Bb3 Nf5 8. Nf3 c6 9. d4 d5 10. Ne2 Nd7 11. c3 Nf6 12. O-O O-O 13. Bf4 Ne4 14. Rfe1 g5 15. Bc1 Re8 16. Bc2 f6 17. Nd2 Nxd2 18. Bxd2 Bd7 19. f4 h6 20. h3 Bd6 21. Kf2 Bc7 22. Rad1 Kf7 23. Bc1 Nd6 24. Ng3 Rxe1 25. Rxe1 Rf8 26. Kf3 Bc8 27. a3 Bd7 28. Nh5 Bf5 29. Bxf5 Nxf5 30. g4 Nd6 31. Ng3 Re8 32. Rh1 Ne4 33. Nf5 Nd6 34. Ng3 Ne4 1/2-1/2

[Event "Uzhgorod"]
[Site "Uzhgorod"]
[Date "1987.??.??"]
[Round "?"]
[White "Giorgadze, Giorgi"]
[Black "Yakovich, Yuri"]
[Result "1/2-1/2"]
[WhiteElo "2380"]
[BlackElo "2450"]
[PlyCount "59"]
[EventDate "1987.??.??"]
[Source "www.chesslib.no"]
[SourceDate "2004.05.04"]

1. e4 e5 2. Nc3 Nf6 3. Bc4 Nxe4 4. Qh5 Nd6 5. Qxe5+ Qe7 6. Qxe7+ Bxe7 7. Bb3 Nf5 8. Nd5 Bd8 9. Nf3 c6 10. Nf4 d5 11. c3 O-O 12. O-O Nh4 13. Nxh4 Bxh4 14. Bc2 Na6 15. d4 Bd7 16. Bd2 Rfe8 17. Rfe1 Kf8 18. Kf1 Rxe1+ 19. Rxe1 Re8 20. Rxe8+ Bxe8 21. Ke2 Nc7 22. g3 Bd8 23. h4 g6 24. Nd3 Ne6 25. Bh6+ Ke7 26. Nf4 Nxf4+ 27. Bxf4 Bd7 28. Bg5+ f6 29. Bf4 Be6 30. f3 1/2-1/2

[Event "SWE-ch"]
[Site "Ronneby"]
[Date "1998.??.??"]
[Round "13"]
[White "Lejlic, Samir"]
[Black "Ernst, Thomas"]
[Result "1/2-1/2"]
[WhiteElo "2415"]
[BlackElo "2410"]
[PlyCount "40"]
[EventDate "1998.07.??"]
[Source "www.chesslib.no"]
[SourceDate "2004.05.04"]

1. e4 e5 2. Nc3 Nf6 3. Bc4 Nxe4 4. Qh5 Nd6 5. Qxe5+ Qe7 6. Qxe7+ Bxe7 7. Bb3 b6 8. Nf3 Ba6 9. d3 Nc6 10. Nd5 Bd8 11. O-O O-O 12. Bf4 Na5 13. Rfe1 Nxb3 14. axb3 Bb7 15. Ne7+ Kh8 16. Bxd6 cxd6 17. Nf5 Bc7 18. Re7 Bd8 19. Re3 Bc7 20. Re7 Bd8 1/2-1/2

[Event "SWE-chT 9900"]
[Site "Sweden"]
[Date "1999.??.??"]
[Round "4"]
[White "Lyrberg, Patrik"]
[Black "Ornstein, Axel"]
[Result "0-1"]
[WhiteElo "2395"]
[BlackElo "2426"]
[PlyCount "52"]
[EventDate "1999.11.??"]
[Source "www.chesslib.no"]
[SourceDate "2004.05.04"]

1. e4 e5 2. Bc4 Nf6 3. Nc3 Nxe4 4. Nf3 Nc6 5. O-O Nxc3 6. dxc3 h6 7. Nxe5 Nxe5 8. Re1 Qe7 9. f4 Nxc4 10. b3 Na5 11. Bb2 d6 12. Rxe7+ Bxe7 13. Qe2 Nc6 14. b4 a6 15. a4 Bd7 16. Kf2 O-O 17. b5 Rfe8 18. Qd3 Nd8 19. c4 Ne6 20. Qg3 Bf8 21. Qf3 Nc5 22. g4 Re4 23. g5 hxg5 24. fxg5 Bg4 25. Qg3 Rae8 26. Rf1 Be2 0-1

[Event "Thessaloniki ol (Men)"]
[Site "Thessaloniki GRE"]
[Date "1988.??.??"]
[Round "9"]
[White "Schlosser, Michael"]
[Black "Rubinetti, Jorge A"]
[Result "1/2-1/2"]
[WhiteElo "2380"]
[BlackElo "2415"]
[PlyCount "33"]
[EventDate "1988.11.??"]
[Source "www.chesslib.no"]
[SourceDate "2004.05.04"]

1. e4 e5 2. Bc4 Nf6 3. Nc3 Nxe4 4. Qh5 Nd6 5. Bb3 Be7 6. Nf3 Nc6 7. Nxe5 O-O 8. Nd5 Nxe5 9. Qxe5 Re8 10. O-O Bf8 11. Qf4 c6 12. Nc3 Qa5 13. d4 Qf5 14. d5 b6 15. dxc6 dxc6 16. Rd1 Be6 17. Qxf5 1/2-1/2

[Event "Prague Mladi Open"]
[Site "Prague CZE"]
[Date "1995.??.??"]
[Round "6"]
[White "Cherevatenko, Roman"]
[Black "Berzinsh, Roland"]
[Result "0-1"]
[WhiteElo "2365"]
[BlackElo "2430"]
[PlyCount "62"]
[EventDate "1995.??.??"]
[Source "www.chesslib.no"]
[SourceDate "2004.05.04"]

1. e4 e5 2. Nc3 Nf6 3. Bc4 Nxe4 4. Qh5 Nd6 5. Bb3 g6 6. Qxe5+ Qe7 7. Qxe7+ Bxe7 8. Nd5 Bd8 9. d3 O-O 10. Bf4 Ne8 11. O-O-O c6 12. Ne3 d5 13. Nf3 Bc7 14. Bh6 Ng7 15. c4 dxc4 16. dxc4 Na6 17. Bc2 Re8 18. h3 Nc5 19. Ng4 Nh5 20. Be3 Ne4 21. Nh6+ Kg7 22. Nxf7 Neg3 23. Bh6+ Kxf7 24. fxg3 Nxg3 25. Rhe1 Rxe1 26. Rxe1 Bf5 27. Ng5+ Kg8 28. Re7 Bf4+ 29. Kb1 Bxc2+ 30. Kxc2 Nf5 31. Re4 Bg3 0-1

[Event "Ch (Men) Vilnius LTU"]
[Site "?"]
[Date "2006.03.20"]
[Round "3"]
[White "Sarakauskas Gediminas"]
[Black "Asauskas Henrikas"]
[Result "0-1"]
[WhiteElo "2453"]
[BlackElo "2309"]
[PlyCount "148"]
[EventDate "2006.??.??"]
[Source "www.chesslib.no"]
[SourceDate "2004.05.04"]

1. Nc3 Nf6 2. e4 e5 3. Bc4 Nxe4 4. Qh5 Nd6 5. Qxe5+ Qe7 6. Qxe7+ Bxe7 7. Bb3 Nf5 8. Nd5 Bd8 9. Ne3 d6 10. Nf3 O-O 11. O-O c6 12. d4 d5 13. c3 Nh4 14. Ne5 Nd7 15. f4 Nxe5 16. fxe5 f6 17. c4 fxe5 18. cxd5 Rxf1+ 19. Nxf1 exd4 20. dxc6+ Kh8 21. Bd5 bxc6 22. Bxc6 Rb8 23. Bf4 Rb6 24. Re1 Kg8 25. Re8+ Kf7 26. Rxd8 Rxc6 27. Rxd4 Nf5 28. Rd3 Be6 29. a3 a5 30. Rc3 Rb6 31. Be5 Rb7 32. Nd2 Bd5 33. Rc5 Ke6 34. Bc3 a4 35. Ra5 Ne3 36. Rxa4 h5 37. Ra6+ Kf5 38. Ra5 Ke6 39. Ne4 Rb8 40. Ra6+ Ke7 41. Ra7+ Ke6 42. Nc5+ Kf5 43. Rxg7 Nd1 44. Bd2 Kf6 45. Rg5 Bc6 46. Rxh5 Rxb2 47. Rh6+ Kf5 48. Rxc6 Rxd2 49. Nb3 Ra2 50. Rc2 Rxa3 51. Nd4+ Ke4 52. Nf3 Ne3 53. Re2 Kf4 54. Ne1 Rc3 55. Ra2 Rc1 56. Kf2 Ng4+ 57. Ke2 Rc4 58. Nd3+ Kg5 59. Ra5+ Kh4 60. g3+ Kh3 61. Rh5+ Kg2 62. Ne1+ Kh1 63. Rh4 Ra4 64. Nc2 Ra2 65. Rxg4 Rxc2+ 66. Kf3 Rc3+ 67. Kf4 Kxh2 68. Rh4+ Kg2 69. g4 Rc4+ 70. Kg5 Kg3 71. Kh5 Rc8 72. Rh1 Rh8+ 73. Kg6 Rxh1 74. g5 Kg4 0-1

[Event "BL2-N 9899"]
[Site "?"]
[Date "1999.02.21"]
[Round "6.2"]
[White "Glienke Manfred"]
[Black "Hegeler Frank"]
[Result "0-1"]
[WhiteElo "2395"]
[BlackElo "2360"]
[PlyCount "102"]
[EventDate "1999.??.??"]
[Source "www.chesslib.no"]
[SourceDate "2004.05.04"]

1. e4 e5 2. Nc3 Nf6 3. Bc4 Nxe4 4. Bxf7+ Kxf7 5. Nxe4 d5 6. Ng3 Nc6 7. d3 Bc5 8. Qh5+ g6 9. Qh6 Nd4 10. Qd2 Qf6 11. c3 Nf5 12. Nf3 Nh4 13. Nxh4 Qxh4 14. O-O Rf8 15. Qe2 Bd6 16. Be3 Bd7 17. Qd2 Kg8 18. Rac1 c6 19. c4 Qe7 20. Rc2 Qf7 21. b3 a5 22. a4 Qe7 23. Bg5 Qf7 24. Bh6 Rfe8 25. Qe3 Be6 26. Re2 Bc7 27. Rfe1 e4 28. cxd5 Bxd5 29. dxe4 Bxg3 30. hxg3 Bxb3 31. Qc3 Be6 32. Bc1 h5 33. Re3 Kh7 34. Rf3 Qg7 35. Qc2 Rf8 36. Bb2 Qe7 37. Ba3 c5 38. Bxc5 Qc7 39. Rc3 Rfc8 40. Bd4 Qd7 41. Be5 Rxc3 42. Qxc3 Qxa4 43. Qe3 Qd7 44. Qg5 Rc8 45. Bf4 Qg7 46. Rd1 a4 47. Qa5 Bd7 48. f3 b5 49. Rd5 Bc6 50. Re5 Re8 51. Rc5 Qd4+ 0-1

[Event "It (Open) Vienna AUT"]
[Site "?"]
[Date "2003.??.??"]
[Round "4"]
[White "Bachofner Andreas"]
[Black "Timoscenko Genadij"]
[Result "0-1"]
[WhiteElo "2225"]
[BlackElo "2530"]
[PlyCount "94"]
[EventDate "2003.??.??"]
[Source "www.chesslib.no"]
[SourceDate "2004.05.04"]

1. e4 e5 2. Nc3 Nf6 3. Bc4 Nxe4 4. Qh5 Nd6 5. Qxe5+ Qe7 6. Qxe7+ Bxe7 7. Bb3 c6 8. Nf3 Nf5 9. d4 d5 10. Bf4 g5 11. Bxb8 Rxb8 12. Ne2 h5 13. c3 h4 14. h3 Nd6 15. Bc2 Bf5 16. Bxf5 Nxf5 17. Ne5 f6 18. Ng6 Rh7 19. Nxe7 Rxe7 20. Kd2 Kf7 21. Rae1 Nd6 22. Kd1 Nc4 23. b3 Nd6 24. Rhf1 Rbe8 25. Kd2 Ne4+ 26. Kd1 Nd6 27. Kd2 a5 28. f3 Nf5 29. Nc1 Rxe1 30. Rxe1 Rxe1 31. Kxe1 Ne3 32. Ne2 f5 33. g4 hxg3 34. Nxg3 Kg6 35. Ne2 f4 36. Kf2 Kh5 37. Kg1 Kh4 38. Kh2 Nc2 39. Kg2 Ne1+ 40. Kf2 Nd3+ 41. Kg2 b5 42. Kh2 Ne1 43. Nc1 b4 44. Kg1 Kg3 45. Kf1 Nxf3 46. cxb4 axb4 47. Nd3 Nd2+ 0-1

[Event "EUCup 17th"]
[Site "Panormo"]
[Date "2001.09.24"]
[Round "2"]
[White "Barber, Haydn J"]
[Black "Hausner, Ivan"]
[Result "0-1"]
[WhiteElo "2319"]
[BlackElo "2428"]
[PlyCount "84"]
[EventDate "2001.09.22"]
[Source "ChessBase"]
[SourceDate "2001.10.26"]

1. e4 Nf6 2. Nc3 e5 3. Bc4 Nxe4 4. Bxf7+ Kxf7 5. Nxe4 d5 6. Ng3 Nc6 7. d3 Bc5 8. Nf3 Rf8 9. Be3 Bd6 10. Ng5+ Kg8 11. Qh5 h6 12. h4 Nb4 13. O-O-O Qe8 14. Qxe8 Rxe8 15. a3 Nc6 16. Nh3 Be6 17. Rde1 b5 18. Ne2 b4 19. axb4 Nxb4 20. f4 Bg4 21. Bd2 e4 22. dxe4 Rxe4 23. Nf2 Rxe2 24. Nxg4 Rxg2 25. Rhg1 Rxg1 26. Rxg1 Rf8 27. Ne5 d4 28. Ng6 Rf5 29. Re1 Nd5 30. Re4 Kf7 31. Ne5+ Bxe5 32. fxe5 Ke6 33. b4 Nc3 34. Bxc3 dxc3 35. Kb1 g5 36. hxg5 hxg5 37. Rc4 Rf4 38. Rxc7 Rxb4+ 39. Kc1 Rb5 40. Rxa7 Rxe5 41. Kd1 Kf5 42. Rc7 Re3 0-1

[Event "Mislata op 9th"]
[Site "Mislata"]
[Date "2000.08.17"]
[Round "1"]
[White "Llobel Cortell, Enrique"]
[Black "Arizmendi Martinez, Julen Luis"]
[Result "1/2-1/2"]
[WhiteElo "2285"]
[BlackElo "2456"]
[PlyCount "81"]
[EventDate "2000.08.17"]
[Source "www.chesslib.no"]
[SourceDate "2004.05.04"]

1. e4 Nf6 2. Nc3 e5 3. Bc4 Nxe4 4. Nxe4 d5 5. Bxd5 Qxd5 6. Qf3 Qc6 7. Nc3 Be7 8. d3 O-O 9. Qxc6 Nxc6 10. Be3 Be6 11. Nge2 Rad8 12. O-O-O Nd4 13. f4 Bg4 14. Rde1 Nxe2+ 15. Nxe2 exf4 16. Bxf4 c6 17. Nc3 Rfe8 18. Re4 f5 19. Rxe7 Rxe7 20. Bg5 Rde8 21. Bxe7 Rxe7 22. Rf1 Rf7 23. g3 Re7 24. Kd2 g5 25. Re1 Rf7 26. Rf1 Kg7 27. Nd1 Kg6 28. Ne3 Bh3 29. Rf2 b5 30. d4 Rd7 31. c3 c5 32. Kd3 c4+ 33. Kd2 Rd6 34. a3 Rd7 35. Rf3 h5 36. a4 a6 37. Kc2 Re7 38. Kd2 Rb7 39. Kc2 Re7 40. Kd2 Rb7 41. a5 1/2-1/2

[Event "Tula-A"]
[Site "Tula"]
[Date "2000.??.??"]
[Round "2"]
[White "Fedotov, Aleksandar"]
[Black "Moiseev, Viktor"]
[Result "1/2-1/2"]
[WhiteElo "2325"]
[BlackElo "2410"]
[PlyCount "45"]
[EventDate "2000.12.??"]
[Source "ChessBase"]
[SourceDate "2001.01.11"]

1. Nc3 e5 2. e4 Nf6 3. Bc4 Nxe4 4. Qh5 Nd6 5. Bb3 Be7 6. Nf3 Nc6 7. Nxe5 g6 8. Nxc6 dxc6 9. Qf3 O-O 10. O-O Nf5 11. d3 Nd4 12. Qg3 Re8 13. Be3 Bd6 14. Bf4 Be6 15. Rae1 Bxb3 16. cxb3 Rxe1 17. Rxe1 Nf5 18. Qg4 Bxf4 19. Qxf4 Qxd3 20. Qxc7 Qd2 21. Kf1 Qd3+ 22. Kg1 Qd2 23. Kf1 1/2-1/2

[Event "Open Dutch Champ"]
[Site "?"]
[Date "2004.07.30"]
[Round "4"]
[White "Kuipers Eelco"]
[Black "Pedersen Nicolai Vesterbaek"]
[Result "0-1"]
[WhiteElo "2263"]
[BlackElo "2471"]
[PlyCount "130"]
[EventDate "2004.??.??"]
[Source "www.chesslib.no"]
[SourceDate "2004.05.04"]

1. e4 e5 2. Bc4 Nf6 3. Nc3 Nxe4 4. Qh5 Nd6 5. Bb3 Be7 6. Nf3 Nc6 7. Nxe5 g6 8. Nxc6 dxc6 9. Qe5 O-O 10. O-O Bf6 11. Qf4 Re8 12. d3 Be5 13. Qg5 Bf6 14. Qf4 a5 15. a4 Be5 16. Qg5 Bf6 17. Qf4 h5 18. Ne4 Nxe4 19. dxe4 Qd6 20. Qxd6 cxd6 21. f3 Bd4+ 22. Kh1 Kg7 23. Rd1 Be5 24. c3 f5 25. Bg5 Be6 26. Bxe6 Rxe6 27. exf5 gxf5 28. Kg1 Rae8 29. Bh4 Bf4 30. Re1 Kf7 31. Rxe6 Rxe6 32. Kf2 Bxh2 33. Bd8 Bf4 34. Bxa5 Be3+ 35. Kf1 Ke7 36. c4 Bd4 37. Rb1 Re3 38. b3 Bc3 39. Bxc3 Rxc3 40. Rb2 Kf6 41. Ke2 Ke5 42. Kd2 Kd4 43. Rb1 b6 44. Rh1 Rxb3 45. Rh4+ Kc5 46. Rxh5 Kxc4 47. Rxf5 Rb2+ 48. Ke3 Rxg2 49. Rf4+ Kc5 50. Rf8 Ra2 51. Ra8 Ra3+ 52. Ke2 d5 53. f4 d4 54. f5 Re3+ 55. Kd2 Rf3 56. Rf8 Kc4 57. Ke2 Re3+ 58. Kd2 Rd3+ 59. Ke2 Re3+ 60. Kd2 Rd3+ 61. Ke2 Rh3 62. f6 d3+ 63. Kd2 Rh2+ 64. Ke3 Re2+ 65. Kf3 Re1 0-1

[Event "ch-AUS"]
[Site "Adelaide"]
[Date "2004.01.02"]
[Round "4"]
[White "Depasquale, Chris"]
[Black "Solomon, Stephen J"]
[Result "0-1"]
[WhiteElo "2327"]
[BlackElo "2400"]
[PlyCount "66"]
[EventDate "2003.12.06"]
[Source "Roberto Alvarez"]
[SourceDate "2004.01.19"]

1. e4 e5 2. Nc3 Nf6 3. Bc4 Nxe4 4. Qh5 Nd6 5. Qxe5+ Qe7 6. Qxe7+ Bxe7 7. Bb3 c6 8. Nf3 Nf5 9. d4 d5 10. O-O Nd7 11. Re1 Nf8 12. Ne2 Nd6 13. c3 f6 14. h3 h5 15. Ng3 h4 16. Nf1 a5 17. Ne3 Kf7 18. a4 g5 19. Bc2 Be6 20. Ng4 Re8 21. b3 Bf5 22. Bxf5 Nxf5 23. Ra2 Nd6 24. Rc2 Ne4 25. Ne3 Ne6 26. Nf5 Bf8 27. c4 Bb4 28. Ree2 Kg6 29. g4 hxg3 30. Nxg3 Rxh3 31. Re3 Nxg3 32. fxg3 Rxg3+ 33. Kf2 Rxf3+ 0-1

[Event "Oakham"]
[Site "Oakham ENG"]
[Date "1994.??.??"]
[Round "8"]
[White "Welling, Gerard"]
[Black "Knox, Victor W"]
[Result "1-0"]
[WhiteElo "2385"]
[BlackElo "2325"]
[PlyCount "99"]
[EventDate "1994.??.??"]
[Source "www.chesslib.no"]
[SourceDate "2004.05.04"]

1. e4 e5 2. Nc3 Nf6 3. Bc4 Nxe4 4. Qh5 Nd6 5. Qxe5+ Be7 6. Qxg7 Bf6 7. Qg4 Nxc4 8. Qxc4 O-O 9. Nge2 Bg7 10. O-O c6 11. Qf4 d5 12. d4 Nd7 13. Ng3 Nf6 14. Qh4 Ng4 15. Qxd8 Rxd8 16. Nce2 Re8 17. h3 Nh6 18. c3 Nf5 19. Bf4 Nxg3 20. Nxg3 f6 21. Rfe1 Bd7 22. f3 Kf7 23. Kf2 Bf8 24. Nf1 Rec8 25. g4 a5 26. Ng3 b5 27. a3 b4 28. axb4 axb4 29. Nf1 c5 30. Rxa8 Rxa8 31. dxc5 bxc3 32. bxc3 Bxc5+ 33. Be3 Ra2+ 34. Kg3 Bd6+ 35. f4 Bb5 36. Bd4 Bd3 37. Ne3 Be4 38. h4 h5 39. gxh5 Ra8 40. Ng4 Rg8 41. Bxf6 Rxg4+ 42. Kxg4 Kxf6 43. Ra1 Bf5+ 44. Kg3 Bd3 45. Ra5 Bc4 46. Ra7 Bf8 47. Rb7 Bg7 48. Rb6+ Kf5 49. h6 Bxc3 50. h7 1-0

[Event "Melbourne Masters"]
[Site "Melbourne"]
[Date "1996.??.??"]
[Round "6"]
[White "Rutherford, Simon"]
[Black "Solomon, Stephen J"]
[Result "1-0"]
[WhiteElo "2300"]
[BlackElo "2395"]
[PlyCount "121"]
[EventDate "1996.??.??"]
[Source "www.chesslib.no"]
[SourceDate "2004.05.04"]

1. e4 e5 2. Nc3 Nf6 3. Bc4 Nxe4 4. Qh5 Nd6 5. Qxe5+ Qe7 6. Qxe7+ Bxe7 7. Bb3 c6 8. Nf3 Nf5 9. O-O d5 10. Re1 Na6 11. d4 Nc7 12. Ne2 Nd6 13. c3 f6 14. Ng3 g5 15. Bc2 Be6 16. h4 h6 17. b3 Kd7 18. Ba3 Nce8 19. Re2 Ng7 20. Rae1 Bd8 21. Nh5 Nxh5 22. Rxe6 Nb5 23. Bb4 a5 24. Bc5 Nf4 25. R6e3 b6 26. Bf5+ Kc7 27. a4 bxc5 28. axb5 Kb6 29. g3 Nh5 30. dxc5+ Kxc5 31. Nd4 Ng7 32. Bd7 cxb5 33. Re6 Nxe6 34. Rxe6 Ra6 35. Rxa6 Bb6 36. Ne6+ Kd6 37. Rxb6+ Kxd7 38. Nd4 gxh4 39. Rxb5 hxg3 40. Rxd5+ Ke7 41. fxg3 Rc8 42. c4 a4 43. bxa4 Rxc4 44. a5 Ra4 45. Kf2 Ra3 46. Rb5 Kf7 47. Nc6 Kg6 48. Rb6 Kg5 49. a6 Ra2+ 50. Ke3 Ra3+ 51. Kd4 Kg4 52. a7 Kxg3 53. Rb8 h5 54. a8=Q Rxa8 55. Rxa8 h4 56. Ke3 h3 57. Rg8+ Kh2 58. Kf2 f5 59. Nd4 Kh1 60. Nf3 h2 61. Rg2 1-0

[Event "Mar del Plata op 31st"]
[Site "Mar del Plata"]
[Date "2000.04.23"]
[Round "9"]
[White "Sola, Ruben"]
[Black "Szmetan, Jorge"]
[Result "0-1"]
[WhiteElo "2293"]
[BlackElo "2401"]
[PlyCount "115"]
[EventDate "2000.04.15"]
[Source "ChessBase"]
[SourceDate "2000.05.11"]

1. e4 Nf6 2. Nc3 e5 3. Bc4 Nxe4 4. Qh5 Nd6 5. Qxe5+ Qe7 6. Qxe7+ Bxe7 7. Bb3 c6 8. Nf3 Nf5 9. O-O d5 10. Re1 Na6 11. d4 Nc7 12. Ne2 Nd6 13. Ng3 f6 14. c3 Kf7 15. Bc2 g5 16. b3 Bg4 17. Nd2 h5 18. f3 Be6 19. a4 h4 20. Nh1 Bf5 21. Bxf5 Nxf5 22. Nf1 Bd6 23. Nf2 Ne6 24. Nd3 c5 25. Ne3 Ne7 26. dxc5 Nxc5 27. Nxc5 Bxc5 28. b4 Bd6 29. Rd1 Rhd8 30. a5 Rac8 31. Bb2 Bf4 32. Nc2 Nf5 33. Rd3 Re8 34. Re1 Rxe1+ 35. Nxe1 Re8 36. Rd1 Re2 37. Bc1 Ne3 38. Bxe3 Bxe3+ 39. Kh1 Bd2 40. Nd3 Bxc3 41. Kg1 b6 42. axb6 axb6 43. Kf1 Ra2 44. f4 Ke6 45. fxg5 fxg5 46. h3 Rc2 47. b5 d4 48. Nf2 Kd5 49. Ng4 Kc4 50. Nf6 Kxb5 51. Ne4 Kc4 52. Nxg5 b5 53. Nf3 b4 54. Ne5+ Kd5 55. Nd3 b3 56. Rb1 b2 57. Kg1 Kc4 58. Ne5+ 0-1

[Event "BL2-S9798"]
[Site "Germany"]
[Date "1998.??.??"]
[Round "?"]
[White "Huber, Armin"]
[Black "Schulze, Ulrich"]
[Result "1/2-1/2"]
[WhiteElo "2330"]
[BlackElo "2360"]
[PlyCount "28"]
[EventDate "1997.10.??"]
[Source "www.chesslib.no"]
[SourceDate "2004.05.04"]

1. e4 Nf6 2. Nc3 e5 3. Bc4 Nxe4 4. Qh5 Nd6 5. Bb3 Be7 6. Nf3 Nc6 7. Nxe5 g6 8. Nxc6 dxc6 9. Qf3 O-O 10. O-O Nf5 11. d3 Nd4 12. Qd1 Re8 13. Re1 Nxb3 14. axb3 Be6 1/2-1/2

[Event "Nova Gorica op 5th"]
[Site "Nova Gorica"]
[Date "2000.02.02"]
[Round "2"]
[White "Srebrnic, Vojko"]
[Black "Stern, Rene"]
[Result "1/2-1/2"]
[WhiteElo "2202"]
[BlackElo "2479"]
[PlyCount "155"]
[EventDate "2000.02.01"]
[Source "www.chesslib.no"]
[SourceDate "2004.05.04"]

1. e4 e5 2. Nc3 Nf6 3. Bc4 Nxe4 4. Qh5 Nd6 5. Qxe5+ Qe7 6. Qxe7+ Bxe7 7. Bb3 Nf5 8. Nd5 Bd8 9. Nf3 c6 10. Ne3 d5 11. d4 O-O 12. c3 Nd6 13. O-O Be6 14. Re1 Re8 15. Bc2 Nd7 16. Nf1 f6 17. Bf4 Bc7 18. Ng3 Nf8 19. h3 Ng6 20. Bxd6 Bxd6 21. Bf5 Bf7 22. Kf1 Nf8 23. Rxe8 Bxe8 24. Re1 g6 25. Bd3 Rd8 26. Kg1 Kg7 27. Nf1 Bf7 28. g3 Ne6 29. Ne3 Bf8 30. Bc2 Nc7 31. Ng2 Bd6 32. Ne3 Be6 33. Kg2 Kf7 34. Ng4 Bf8 35. Nh4 Ne8 36. f4 Bc8 37. Nf2 Nd6 38. Nf3 Nc4 39. b3 Nd6 40. g4 Nb5 41. Nd1 Bd6 42. a4 Nc7 43. f5 gxf5 44. Ne3 fxg4 45. hxg4 Bf4 46. Bxh7 Bxe3 47. Rxe3 Bxg4 48. Nh4 Be6 49. Bg6+ Ke7 50. Nf5+ Kd7 51. Rh3 Bg8 52. Ne3 Ne6 53. Bf5 Ke7 54. Bxe6 Kxe6 55. Kf3 Rd7 56. Kf4 Bh7 57. Rh6 a5 58. Ng4 Rf7 59. Rh2 Be4 60. b4 Rh7 61. Rxh7 Bxh7 62. bxa5 Bc2 63. Nf2 Kf7 64. Ke3 Ke7 65. Kf4 Ke6 66. a6 bxa6 67. a5 Bb1 68. Ng4 Bd3 69. Ne3 Kf7 70. Ng4 Bc4 71. Nf2 Be2 72. Ke3 Bb5 73. Kf4 Bc4 74. Ng4 Ba2 75. Nf2 Bb1 76. Ng4 Kg8 77. Nh6+ Kg7 78. Ng4 1/2-1/2